000
00332nam a2200133Ia 4500
008
150201s2003 xx 000 0 und d
082
_a
618.2
_b
I03R
100
_a
RABBANI , T.
245
_a
INSTRIMENTS IN OBSTETRICS AND GYNAECOLOGY
260
_b
CBS
_a
DELHI
_c
2003
300
_a
120
650
_a
OBST. & GYNEA.
942
_2
ddc
_c
BK
_0
7
999
_c
1881
_d
1881